Jesuits and Friends (Record no. 129030)
[ view plain ]
| 000 -LEADER | |
|---|---|
| fixed length control field | nam a22 7a 4500 |
| 003 - CONTROL NUMBER IDENTIFIER | |
| control field | ARRUPE |
| 005 - DATE AND TIME OF LATEST TRANSACTION | |
| control field | 20190215113257.0 |
| 008 - FIXED-LENGTH DATA ELEMENTS--GENERAL INFORMATION | |
| fixed length control field | 190215b xxu||||| |||| 00| 0 eng d |
| 010 ## - LIBRARY OF CONGRESS CONTROL NUMBER | |
| LC control number | PER |
| 040 ## - CATALOGING SOURCE | |
| Transcribing agency | ARRUPE |
| 050 ## - LIBRARY OF CONGRESS CALL NUMBER | |
| Classification number | PER |
| 245 ## - TITLE STATEMENT | |
| Title | Jesuits and Friends |
| 260 ## - PUBLICATION, DISTRIBUTION, ETC. (IMPRINT) | |
| Place of publication, distribution, etc | London |
| Name of publisher, distributor, etc | Jesuits and Friends |
| Date of publication, distribution, etc | 2017 |
| 942 ## - ADDED ENTRY ELEMENTS (KOHA) | |
| Source of classification or shelving scheme | Library of Congress Classification |
| Koha item type | PER |
| Serial record | 1 |
No items available.